| 000 | 00545nam a2200217Ia 4500 | ||
|---|---|---|---|
| 005 | 20250425162724.0 | ||
| 008 | 250425s9999 xx 000 0 und d | ||
| 041 | _aspa | ||
| 043 | _aec | ||
| 082 | _a515.33 | ||
| 100 | _aVILLENA MUÑOZ, MOISES | ||
| 245 | 0 | _aEL LIBRO NEGRO CÁLCULO DIFERENCIAL & INTEGRAL | |
| 250 | _a1A ED. | ||
| 260 |
_aEcuador _bACADEMIA CIENCIAS EXACTAS APOL _c2017 |
||
| 260 | _aGUAYAQUIL | ||
| 300 | _a699 | ||
| 650 | _aCALCULO DIFERENCIAL | ||
| 650 | _aCALCULO INTEGRAL | ||
| 942 | _c01 | ||
| 010 | _a103029 | ||
| 999 |
_c235118 _d235118 |
||